Normal view
MARC view
- تاريخ-الخط العربي-الخطوط العالمية
Entry Topical Term
001 - CONTROL NUMBER
- control field: 12895
003 - CONTROL NUMBER IDENTIFIER
- control field: JO-AjAnu
005 - DATE AND TIME OF LATEST TRANSACTION
- control field: 20230606072350.0
008 - FIXED-LENGTH DATA ELEMENTS
- fixed length control field: 230606|| aca||aabn | a|a d
040 ## - CATALOGING SOURCE
- Original cataloging agency: JO-AjAnu
- Transcribing agency: JO-AjAnu
150 ## - HEADING--TOPICAL TERM
- Topical term or geographic name entry element: تاريخ-الخط العربي-الخطوط العالمية
670 ## - SOURCE DATA FOUND
- Source citation: Work cat.: (JO-AjAnu)6636: زالي,آن تاليف/ بيرثييه,آني م.مشارك/سليمان العيسى,سالم مترجم, author 12894, تاريخ الخط العربي وغيرة من الخطوط العالمية